00602nam a22002057a 450000500170000001000130001702000220003003500130005203700160006504000120008108200200009310000260011324500770013926000390021627000540025530000210030950000190033065000220034965000250037120170124105926.0 aB-219611 c00.00a8188837857 aB-219611 bCen Lib/Ret aDPLbEN a305.560954bRAW aRawat,Gyanendra Singh aThe status of dalit and human right in India /cby Gyanendra Singh Rawat aNew DelhibSumit Enterprisesc2005 a4649/21,Ansari road Darya GanjbNew Delhie110002 a360p. c21cm(Hb) aIncludes index aPolitical science aDalits--Civil rights